| 000 | 00442cam a2200145 4500500 | ||
|---|---|---|---|
| 005 | 20251109011102.0 | ||
| 041 | _afre | ||
| 042 | _adc | ||
| 100 | 1 | 0 |
_aLenoir, Daniel _eauthor |
| 245 | 0 | 0 | _aLa Sécu, une octogénaire bien vivante |
| 260 | _c2025. | ||
| 500 | _a63 | ||
| 786 | 0 | _nEsprit | Octobre | 10 | 2025-10-21 | p. 25-29 | 0014-0759 | |
| 856 | 4 | 1 | _uhttps://shs.cairn.info/revue-esprit-2025-10-page-25?lang=fr&redirect-ssocas=7080 |
| 999 |
_c1562355 _d1562355 |
||